000 00326 a2200145 4500
001 148576
040 _cEscola São Tomás de Aquino
100 _aINDIGO
240 1 0 _aPalavra de honra
_lpor
245 1 0 _aPalavra de honra
362 0 _a2006
440 1 _aEscala Educacional
697 _a*LITERATURA INFANTO
942 _cBK
999 _c148576
_d148576